000 00318nam a22001337a 4500
008 190304b xxu||||| |||| 00| 0 eng d
020 _a9781451114126
041 _aeng
080 _22nd
_a616-002.77
100 _a7
101 _aREU
245 _aRheumatology Subspecialty Consult
_cHenderson,K.E
942 _2udc
_cBK
999 _c54422
_d54422